000 00396nam a22001457a 4500
005 20240109162939.0
008 190529b xxu||||| |||| 00| 0 eng d
020 _a978-93-81595-25-1
041 _aeng
100 _aSHIRKHEDKAR, DR. A.,,SURANA,DR. S.J.,BAHETI,B.N.,AND GOKHALE,S.B.
_98369
245 _aSOLVENTS AND SOLVENTS
260 _aPUNE
_bNIRALI PRAKASHAN
300 _a164p,
942 _cBK
999 _c5898
_d5896